Normal view MARC view
  • Sharma.S.N.

Entry Personal Name

Number of records used in: 1

001 - CONTROL NUMBER

  • control field: 4403

003 - CONTROL NUMBER IDENTIFIER

  • control field: OSt

005 - DATE AND TIME OF LATEST TRANSACTION

  • control field: 20171115142423.0

008 - FIXED-LENGTH DATA ELEMENTS

  • fixed length control field: 171115|| aca||aabn | a|a d

040 ## - CATALOGING SOURCE

  • Original cataloging agency: OSt
  • Transcribing agency: OSt

100 ## - HEADING--PERSONAL NAME

  • Personal name: Sharma.S.N.

670 ## - SOURCE DATA FOUND

  • Source citation: Work cat.: (OSt): Sharma.S.N., Mathematics-VII

Powered by Koha